| 000 | 01193nam a2200301 i 4500 | ||
|---|---|---|---|
| 001 | 187582 | ||
| 003 | ES-MaACL | ||
| 005 | 20250801063050.0 | ||
| 008 | 171130s1988 sp b |||| | spa d | ||
| 020 | _a84-7807-000-1 | ||
| 080 | _a946.815"14/15" | ||
| 100 | 1 |
_aLadero Quesada, Miguel Ángel, _d1943- _9159216 |
|
| 245 | 1 | 0 |
_aGranada después de la conquista _b: repobladores y mudéjares / _cMiguel Ángel Ladero Quesada. |
| 260 |
_aGranada : _bDiputación Provincial de Granada, _c1988. |
||
| 300 |
_a519 p., [1] h. pleg. de mapa ; _c19 cm. |
||
| 490 | 1 |
_aBiblioteca de bolsillo ; _v15 |
|
| 500 | _aApéndice documental. | ||
| 504 | _aBibliografía: p. [307]-310. | ||
| 650 | 4 |
_aMoriscos- _zGranada (Reino) _9156634 |
|
| 651 | 4 |
_aGranada (Provincia)- _vHistoria. _9147469 |
|
| 651 |
_aEspaña- _xHistoria- _y1474-1516, Reyes Católicos. _98222 |
||
| 710 | 1 |
_aGranada (Provincia). _bDiputación Provincial. _94488 |
|
| 830 | 0 |
_aBiblioteca de Bolsillo _v15 _9177945 |
|
| 852 | 1 |
_aES-MaACL _jA-14111 _9194668 _bR.151292 _cDEPO1 _dOlim: N-7111 _hDonación: Casa de Velázquez |
|
| 914 |
_92477 _aCasa de Velázquez _ednr |
||
| 942 |
_2udc _cMONOGRAFIA |
||
| 999 |
_c187582 _d187582 |
||